书目信息 |
| 题名: |
荧光实验技术及其在分子生物学中的应用
|
|
| 作者: | 郭尧君 编著 | |
| 分册: | ||
| 出版信息: | 北京 科学出版社 1979 |
|
| 页数: | 186页 | |
| 开本: | 19cm | |
| 丛书名: | ||
| 单 册: | ||
| 中图分类: | Q5-3 | |
| 科图分类: | ||
| 主题词: | 荧光分析-应用-分子生物学 , 分子生物学-应用-荧光分析 | |
| 电子资源: | ||
| ISBN: | ||
| 000 | 00684nam0 2200229 45 | |
| 001 | 0179002464 | |
| 005 | 20060911112851.62 | |
| 010 | @dCNY0.75 | |
| 091 | @a13031.1107 | |
| 100 | @a19950727d1979 em y0chiy0121 ea | |
| 101 | 0 | @achi |
| 102 | @aCN@b110000 | |
| 105 | @ay z 000yy | |
| 200 | 10 | @a荧光实验技术及其在分子生物学中的应用@Aying guang shi yan ji shu ji qi zai fen zi sheng wu xue zhong de ying yong@f郭尧君编著 |
| 210 | @a北京@c科学出版社@d1979 | |
| 215 | @a186页@d19cm | |
| 606 | @a荧光分析-应用-分子生物学 | |
| 606 | @a分子生物学-应用-荧光分析 | |
| 690 | @aQ5-3@v3 | |
| 701 | 0 | @a郭尧君@Aguo yao jun@4编著 |
| 801 | 0 | @aCN@bTSSF@c20060911 |
| 905 | @a10447@dQ5-3@e111 | |
| 荧光实验技术及其在分子生物学中的应用/郭尧君编著.-北京:科学出版社,1979 |
| 186页;19cm |
| ISBN :CNY0.75 |
| ● |
| 相关链接 |
|
|
|
|
正题名:荧光实验技术及其在分子生物学中的应用
索取号:Q5-3/111
 
预约/预借
| 序号 | 登录号 | 条形码 | 馆藏地/架位号 | 状态 | 备注 |
| 1 | 0470545 | 204705453 | 密集书库/ [索取号:Q5-3/111] | 在馆 |